[Event "Madrid ch 2018 - semifinal"]
[Site "Madrid ESP"]
[Date "2018.05.09"]
[Round "5.20"]
[White "Gortazar Rubial, Javier Maria"]
[Black "Perez Cameselle, Francisco"]
[Result "1/2-1/2"]
[WhiteElo "1610"]
[BlackElo "1795"]
[PlyCount "103"]
[EventDate "2018.05.05"]
[EventType "swiss"]
[EventRounds "9"]
[EventCountry "ESP"]
[SourceTitle "Ajedrez en Madrid"]
[Source "lmi"]
[SourceDate "2018.05.05"]
[SourceVersion "1"]
[SourceVersionDate "2019.03.14"]
[SourceQuality "1"]

1. e4 e5 2. Nf3 Nc6 3. Bb5 a6 4. Ba4 Nf6 5. O-O Be7 6. Re1 b5 7. Bb3 O-O 8. h3
d6 9. c3 Na5 10. Bc2 c5 11. d4 Qc7 12. Nbd2 Bb7 13. d5 c4 14. Nf1 Bc8 15. Ng3
Nb7 16. Bg5 h6 17. Be3 Nc5 18. Qd2 Kh7 19. Nh4 Ng8 20. Nhf5 Bxf5 21. Nxf5 Rfe8
22. f4 Nd7 23. Qf2 Qd8 24. Qg3 g6 25. Nxe7 Qxe7 26. Rf1 Ngf6 27. f5 g5 28. h4
Nh5 29. Qf3 Nf4 30. g3 Rg8 31. Kh2 g4 32. Qf2 Nh5 33. Qd2 Qf8 34. a4 Qg7 35. b3
cxb3 36. Bxb3 Nhf6 37. Qd3 Rgc8 38. axb5 axb5 39. Rxa8 Rxa8 40. Qxb5 Rb8 41.
Qc4 Qf8 42. Bc2 Rb2 43. Qd3 Qc8 44. Rb1 Rxb1 45. Bxb1 Nc5 46. Bxc5 Qxc5 47. Kg2
Qa3 48. c4 Qb2+ 49. Qc2 Qd4 50. Qd3 Qb2+ 51. Qc2 Qd4 52. Qd3 1/2-1/2

[Event "Madrid ch 2018 - semifinal"]
[Site "Madrid ESP"]
[Date "2018.05.10"]
[Round "6.1"]
[White "Aguilera Lopez, Alejandro"]
[Black "Iagar, Razvan-Gabriel"]
[Result "1-0"]
[WhiteElo "2098"]
[BlackElo "2213"]
[PlyCount "139"]
[EventDate "2018.05.05"]
[EventType "swiss"]
[EventRounds "9"]
[EventCountry "ESP"]
[SourceTitle "Ajedrez en Madrid"]
[Source "lmi"]
[SourceDate "2018.05.05"]
[SourceVersion "1"]
[SourceVersionDate "2019.03.14"]
[SourceQuality "1"]

1. d4 d5 2. Nf3 Nf6 3. e3 Bf5 4. c4 c6 5. Nc3 e6 6. Nh4 Be4 7. f3 Bg6 8. Nxg6
hxg6 9. g3 Bd6 10. f4 Be7 11. c5 Nbd7 12. b4 b6 13. Rb1 Qc7 14. Bd2 b5 15. Bd3
a6 16. O-O O-O 17. Qf3 Rfd8 18. g4 Nf8 19. Ne2 N6h7 20. Be1 Qd7 21. h4 f6 22.
Kg2 f5 23. g5 Qe8 24. Rh1 Qf7 25. Bc3 Rd7 26. Rh2 Bd8 27. Qg3 Qe8 28. Rbh1 Raa7
29. Ng1 Rab7 30. Nf3 Bc7 31. a4 Bb8 32. Ra1 Ra7 33. Kh3 Re7 34. Ra3 Red7 35.
Rha2 Rdb7 36. Qe1 Re7 37. Qa1 Rab7 38. axb5 axb5 39. Ra8 Nd7 40. R2a6 Qc8 41.
R6a7 Re8 42. Rxb7 Qxb7 43. Ra6 Rc8 44. Kg3 Nhf8 45. Ra2 Nh7 46. Nd2 Ndf8 47.
Nb3 Kf7 48. Na5 Qc7 49. Qf1 Nd7 50. Nxc6 Qxc6 51. Bxb5 Qc7 52. Ba6 Re8 53. b5
e5 54. fxe5 Nxc5 55. dxc5 Qxc5 56. Qd3 Bxe5+ 57. Bxe5 Rxe5 58. Kf3 Qc1 59. Qd4
Qh1+ 60. Rg2 Re4 61. Qxd5+ Ke7 62. Qc5+ Kf7 63. b6 Qh3+ 64. Kf2 Qxh4+ 65. Ke2
Nf8 66. Kd3 Nd7 67. Bc4+ Ke8 68. Bb5 Re7 69. Qc8+ Kf7 70. Bc4+ 1-0

[Event "Madrid ch 2018 - semifinal"]
[Site "Madrid ESP"]
[Date "2018.05.10"]
[Round "6.2"]
[White "Martinez Fernandez, Raul"]
[Black "Nuñez Muñoz, Jesus"]
[Result "1-0"]
[WhiteElo "2176"]
[BlackElo "2193"]
[PlyCount "105"]
[EventDate "2018.05.05"]
[EventType "swiss"]
[EventRounds "9"]
[EventCountry "ESP"]
[SourceTitle "Ajedrez en Madrid"]
[Source "lmi"]
[SourceDate "2018.05.05"]
[SourceVersion "1"]
[SourceVersionDate "2019.03.14"]
[SourceQuality "1"]

1. e4 d6 2. d4 Nf6 3. Nc3 e5 4. dxe5 dxe5 5. Qxd8+ Kxd8 6. Bc4 Be6 7. Bxe6 fxe6
8. Be3 c6 9. O-O-O+ Kc7 10. f4 Ng4 11. Kd2 Nxe3 12. Kxe3 exf4+ 13. Kxf4 Bc5 14.
Nf3 Nd7 15. Rhf1 Nf6 16. Ng5 Rae8 17. e5 Nd5+ 18. Kg3 Re7 19. Nce4 Bb6 20. Rf7
Rxf7 21. Nxf7 Ne3 22. Nxh8 Nxd1 23. Ng5 Kd7 24. Nxh7 Nxb2 25. Ng6 Nc4 26. Nhf8+
Ke8 27. Nxe6 Kf7 28. Nef4 Bc7 29. e6+ Kf6 30. Kf3 Ne5+ 31. Nxe5 Bxe5 32. h4 b5
33. g4 Bd6 34. Ke4 g5 35. hxg5+ Kxg5 36. Ne2 Kf6 37. Nd4 Bc5 38. Nxc6 Kxe6 39.
Nd4+ Kf6 40. Nxb5 Kg5 41. Kd5 Bg1 42. c4 Kxg4 43. c5 a6 44. c6 Bb6 45. c7 Bxc7
46. Nxc7 a5 47. a4 Kf5 48. Kc5 Ke5 49. Nb5 Ke6 50. Kb6 Kd7 51. Kxa5 Kc8 52. Kb6
Kb8 53. a5 1-0

[Event "Madrid ch 2018 - semifinal"]
[Site "Madrid ESP"]
[Date "2018.05.10"]
[Round "6.3"]
[White "Perez Gonzalez, Jose Manuel"]
[Black "Torres Boch, Jose Francisco"]
[Result "0-1"]
[WhiteElo "2252"]
[BlackElo "2137"]
[PlyCount "90"]
[EventDate "2018.05.05"]
[EventType "swiss"]
[EventRounds "9"]
[EventCountry "ESP"]
[SourceTitle "Ajedrez en Madrid"]
[Source "lmi"]
[SourceDate "2018.05.05"]
[SourceVersion "1"]
[SourceVersionDate "2019.03.14"]
[SourceQuality "1"]

1. e4 c5 2. Nf3 d6 3. d4 cxd4 4. Nxd4 Nf6 5. Nc3 a6 6. Bc4 e6 7. O-O Be7 8. Bb3
O-O 9. f4 b5 10. e5 dxe5 11. fxe5 Nfd7 12. Be3 Nxe5 13. Qh5 Nc4 14. Bxc4 bxc4
15. Rad1 Qc7 16. Rf3 g6 17. Qh6 f5 18. Rh3 Bf6 19. Nf3 Nc6 20. Ng5 Bxg5 21.
Bxg5 Ne5 22. Bf4 Qa7+ 23. Be3 Qe7 24. Qf4 Ng4 25. Qxc4 Bb7 26. Bc5 Rfc8 27.
Bxe7 Rxc4 28. Rhd3 f4 29. Bg5 Rf8 30. Rd8 Bc6 31. R1d4 Rxd4 32. Rxd4 e5 33. Rd6
Bxg2 34. Nd1 Bh3 35. Nf2 Nxf2 36. Kxf2 Rf5 37. Bd8 e4 38. Bb6 Rb5 39. Bd4 Rg5
40. c4 Rg2+ 41. Ke1 f3 42. c5 Re2+ 43. Kd1 e3 44. Bxe3 Rxe3 45. Rf6 Bf5 0-1

[Event "Madrid ch 2018 - semifinal"]
[Site "Madrid ESP"]
[Date "2018.05.10"]
[Round "6.4"]
[White "Rosa Ramirez, Victor Diego"]
[Black "Lin, Yingrui"]
[Result "0-1"]
[WhiteElo "1884"]
[BlackElo "2188"]
[PlyCount "126"]
[EventDate "2018.05.05"]
[EventType "swiss"]
[EventRounds "9"]
[EventCountry "ESP"]
[SourceTitle "Ajedrez en Madrid"]
[Source "lmi"]
[SourceDate "2018.05.05"]
[SourceVersion "1"]
[SourceVersionDate "2019.03.14"]
[SourceQuality "1"]

1. e4 e5 2. Nf3 Nc6 3. Bc4 Bc5 4. O-O d6 5. c3 Bg4 6. h3 Bh5 7. b4 Bb6 8. a4 a6
9. d3 Nf6 10. Nbd2 Qd7 11. Re1 g5 12. Nf1 g4 13. hxg4 Qxg4 14. Be3 Rg8 15. Ng3
Bxe3 16. Rxe3 Qg6 17. Nh4 Bxd1 18. Nxg6 hxg6 19. Rxd1 Ke7 20. Rf1 Ng4 21. Re2
Rh8 22. f3 Nf6 23. Rfe1 Rh4 24. Nf1 Rah8 25. Ne3 Nd8 26. Nd5+ Nxd5 27. Bxd5 c6
28. Bc4 Rh1+ 29. Kf2 Kf6 30. b5 cxb5 31. axb5 a5 32. b6 Ke7 33. Bd5 Kd7 34. Ke3
R8h2 35. Kf2 f6 36. d4 Nc6 37. dxe5 fxe5 38. Rg1 Rh8 39. Bc4 Rxg1 40. Kxg1 Ne7
41. Bb5+ Ke6 42. Rd2 Rc8 43. c4 Nc6 44. Ra2 Ra8 45. Kf2 Nd4 46. Kg3 Nxb5 47.
cxb5 a4 48. Kg4 d5 49. exd5+ Kxd5 50. Kg5 Kc4 51. Kxg6 Kb3 52. Re2 a3 53. Rxe5
a2 54. Re1 Rg8+ 55. Kf6 Rxg2 56. Ke5 Kb2 57. Kd6 a1=Q 58. Rxa1 Kxa1 59. f4 Rc2
60. f5 Kb2 61. f6 Kb3 62. f7 Rf2 63. Ke7 Kb4 0-1

[Event "Madrid ch 2018 - semifinal"]
[Site "Madrid ESP"]
[Date "2018.05.10"]
[Round "6.5"]
[White "Rodrigo Yanguas, Maria"]
[Black "Paarup, Torsten"]
[Result "1-0"]
[WhiteElo "2054"]
[BlackElo "2007"]
[PlyCount "59"]
[EventDate "2018.05.05"]
[EventType "swiss"]
[EventRounds "9"]
[EventCountry "ESP"]
[SourceTitle "Ajedrez en Madrid"]
[Source "lmi"]
[SourceDate "2018.05.05"]
[SourceVersion "1"]
[SourceVersionDate "2019.03.14"]
[SourceQuality "1"]

1. e4 c5 2. c3 d5 3. exd5 Nf6 4. Qa4+ Nbd7 5. c4 e6 6. dxe6 fxe6 7. Nf3 Bd6 8.
Be2 O-O 9. Nc3 Ne5 10. d3 Bd7 11. Qd1 Bc6 12. Nxe5 Bxe5 13. Bf3 Bxf3 14. Qxf3
Nd5 15. Qe2 Nb4 16. O-O Nxd3 17. Rd1 Bxh2+ 18. Kf1 Qh4 19. Rxd3 Bg3 20. Qxe6+
Kh8 21. Qh3 Rxf2+ 22. Kg1 Qxh3 23. gxh3 Raf8 24. Rxg3 Rf1+ 25. Kh2 Re8 26. Rg1
Rf2+ 27. Rg2 Rf1 28. Ne2 Re1 29. Ng3 g6 30. b3 1-0

[Event "Madrid ch 2018 - semifinal"]
[Site "Madrid ESP"]
[Date "2018.05.10"]
[Round "6.6"]
[White "De La Fuente Gonzalez, Francisco"]
[Black "Baeza Escudero, Javier"]
[Result "1-0"]
[WhiteElo "2213"]
[BlackElo "1913"]
[PlyCount "145"]
[EventDate "2018.05.05"]
[EventType "swiss"]
[EventRounds "9"]
[EventCountry "ESP"]
[SourceTitle "Ajedrez en Madrid"]
[Source "lmi"]
[SourceDate "2018.05.05"]
[SourceVersion "1"]
[SourceVersionDate "2019.03.14"]
[SourceQuality "1"]

1. c4 Nf6 2. Nc3 g6 3. e4 d6 4. g3 Bg7 5. Bg2 O-O 6. Nge2 c5 7. d4 cxd4 8. Nxd4
Qd7 9. O-O Nc6 10. Nc2 b6 11. Nd5 Nxd5 12. cxd5 Na5 13. Nd4 Ba6 14. Re1 Rac8
15. b3 Rc3 16. Bf1 Bxf1 17. Rxf1 e6 18. Bb2 Rc7 19. dxe6 fxe6 20. Qg4 Re8 21.
Rad1 Nc6 22. Qe2 Ne5 23. f4 Nf7 24. Rd2 Rc5 25. b4 Rcc8 26. b5 Rc5 27. a4 Rec8
28. Nc6 Bxb2 29. Rxb2 Nd8 30. Nxd8 Qxd8 31. Rd2 Qc7 32. f5 exf5 33. exf5 Re5
34. Qg4 Qc5+ 35. Kg2 Qe3 36. Qf4 Qxf4 37. Rxf4 gxf5 38. Rxd6 Rc7 39. Rfd4 Kf7
40. Kf3 Rce7 41. Kf4 Re4+ 42. Rxe4 fxe4 43. Ke3 Ke8 44. Rd4 Rg7 45. Kxe4 Rg5
46. Kf4 Rh5 47. h4 Rc5 48. g4 Ke7 49. g5 Ke6 50. Re4+ Kf7 51. Ke3 a6 52. bxa6
Ra5 53. Kd3 Rxa6 54. Kc3 Ra5 55. Kb4 Rd5 56. Rf4+ Ke7 57. Rf6 h5 58. Rxb6 Rd4+
59. Kb5 Rxh4 60. Rh6 Rh1 61. a5 h4 62. a6 Kd7 63. a7 Rb1+ 64. Kc5 Rc1+ 65. Kd5
Rd1+ 66. Ke5 Ra1 67. Rxh4 Ra5+ 68. Kf6 Ra6+ 69. Kf7 Rxa7 70. g6 Ra1 71. Rd4+
Kc6 72. g7 Rf1+ 73. Kg6 1-0

[Event "Madrid ch 2018 - semifinal"]
[Site "Madrid ESP"]
[Date "2018.05.10"]
[Round "6.7"]
[White "Lopez De Turiso, Jose Angel"]
[Black "Sanchez Garcia, Aurelio"]
[Result "1/2-1/2"]
[WhiteElo "2022"]
[BlackElo "2060"]
[PlyCount "37"]
[EventDate "2018.05.05"]
[EventType "swiss"]
[EventRounds "9"]
[EventCountry "ESP"]
[SourceTitle "Ajedrez en Madrid"]
[Source "lmi"]
[SourceDate "2018.05.05"]
[SourceVersion "1"]
[SourceVersionDate "2019.03.14"]
[SourceQuality "1"]

1. e4 g6 2. d4 Bg7 3. Nf3 d6 4. Bc4 Nf6 5. Qe2 O-O 6. Bg5 Bg4 7. Nbd2 Nc6 8. c3
e5 9. h3 Bd7 10. dxe5 dxe5 11. O-O h6 12. Be3 Qc8 13. Rfd1 Nh5 14. Nb3 Rd8 15.
Nh4 Be6 16. Nc5 Bxc4 17. Qxc4 Na5 18. Qb5 b6 19. Nb3 1/2-1/2

[Event "Madrid ch 2018 - semifinal"]
[Site "Madrid ESP"]
[Date "2018.05.10"]
[Round "6.8"]
[White "Carrasco Coquillat, Jorge"]
[Black "Mkrtchyan, Levon"]
[Result "1/2-1/2"]
[WhiteElo "1840"]
[BlackElo "2141"]
[PlyCount "71"]
[EventDate "2018.05.05"]
[EventType "swiss"]
[EventRounds "9"]
[EventCountry "ESP"]
[SourceTitle "Ajedrez en Madrid"]
[Source "lmi"]
[SourceDate "2018.05.05"]
[SourceVersion "1"]
[SourceVersionDate "2019.03.14"]
[SourceQuality "1"]

1. c4 Nf6 2. Nc3 c5 3. g3 g6 4. Bg2 Bg7 5. Nf3 d6 6. O-O Nc6 7. d4 cxd4 8. Nxd4
Bd7 9. Nc2 Qc8 10. b3 Bh3 11. Bb2 O-O 12. Nd5 Bxg2 13. Kxg2 Nxd5 14. Bxg7 Nf4+
15. gxf4 Kxg7 16. e3 e5 17. fxe5 dxe5 18. Qe2 Qe6 19. Rad1 f5 20. f3 f4 21. e4
Rad8 22. Rd5 Ne7 23. Rxd8 Rxd8 24. Rd1 Rd6 25. Rd3 Qd7 26. Ne1 Nc6 27. Qd2 Nd4
28. c5 Nxf3 29. Kxf3 Qh3+ 30. Ke2 Rxd3 31. Qxd3 Qxh2+ 32. Kd1 Qxa2 33. Qd7+ Kh6
34. Qh3+ Kg7 35. Qd7+ Kh6 36. Qh3+ 1/2-1/2

[Event "Madrid ch 2018 - semifinal"]
[Site "Madrid ESP"]
[Date "2018.05.10"]
[Round "6.9"]
[White "Cuellar Gutierrez, Raul"]
[Black "Barragan Arriaza, Pablo"]
[Result "0-1"]
[WhiteElo "1922"]
[BlackElo "2030"]
[PlyCount "116"]
[EventDate "2018.05.05"]
[EventType "swiss"]
[EventRounds "9"]
[EventCountry "ESP"]
[SourceTitle "Ajedrez en Madrid"]
[Source "lmi"]
[SourceDate "2018.05.05"]
[SourceVersion "1"]
[SourceVersionDate "2019.03.14"]
[SourceQuality "1"]

1. d4 d5 2. Nf3 Nf6 3. g3 c6 4. Bg2 e6 5. c4 Nbd7 6. Qc2 Be7 7. O-O h6 8. Rd1
O-O 9. Nbd2 b6 10. e4 Bb7 11. b3 Rc8 12. Bb2 Qc7 13. Rac1 Qb8 14. e5 Nh7 15. h4
Rfd8 16. Nf1 c5 17. cxd5 Bxd5 18. Qe2 cxd4 19. Bxd4 Rxc1 20. Rxc1 Nhf8 21. Bb2
Ng6 22. N1d2 Bb4 23. Rc2 Qb7 24. Ne1 Bxg2 25. Nxg2 Ndxe5 26. h5 Rxd2 27. Rxd2
Nf3+ 28. Kh1 Bxd2 29. hxg6 Ne1 30. gxf7+ Kxf7 31. f4 Qxg2+ 32. Qxg2 Nxg2 33.
Kxg2 g5 34. fxg5 h5 35. Be5 Bxg5 36. Kf3 Ke7 37. Bb8 a6 38. Bc7 b5 39. Ke4 Bf6
40. Ba5 Kd6 41. Bb4+ Kc6 42. Bf8 Kb6 43. Bd6 a5 44. Bf8 Kc6 45. Ba3 Kd7 46. Bc5
Kc6 47. Bf8 a4 48. Bb4 axb3 49. axb3 Kd7 50. Bc5 Be7 51. Bf2 Bd6 52. Kd4 Ke7
53. Ke4 Kf6 54. Be1 Kg5 55. Kd4 Kg4 56. Ke4 Bxg3 57. Bd2 h4 58. Be3 h3 0-1

[Event "Madrid ch 2018 - semifinal"]
[Site "Madrid ESP"]
[Date "2018.05.10"]
[Round "6.10"]
[White "Santamaria Baeza, Adolfo"]
[Black "Spitzer Isbert, Ramon"]
[Result "0-1"]
[WhiteElo "1901"]
[BlackElo "2019"]
[PlyCount "120"]
[EventDate "2018.05.05"]
[EventType "swiss"]
[EventRounds "9"]
[EventCountry "ESP"]
[SourceTitle "Ajedrez en Madrid"]
[Source "lmi"]
[SourceDate "2018.05.05"]
[SourceVersion "1"]
[SourceVersionDate "2019.03.14"]
[SourceQuality "1"]

1. e4 Nf6 2. e5 Nd5 3. Bc4 Nb6 4. Bb3 d5 5. d4 Bf5 6. Nc3 e6 7. Nf3 c5 8. a4 c4
9. Ba2 Bb4 10. Bb1 Nc6 11. O-O Bg4 12. Na2 Bxf3 13. Qxf3 c3 14. bxc3 Be7 15.
Qg4 g5 16. f4 h5 17. Qf3 g4 18. Qd3 Qd7 19. f5 O-O-O 20. Nb4 Na5 21. f6 Bf8 22.
Qb5 Nbc4 23. Ba2 Qc7 24. Bxc4 dxc4 25. Rb1 Bh6 26. Ba3 Bd2 27. Na6 Qb6 28. Bb4
Qxb5 29. axb5 bxa6 30. Bxa5 Rd5 31. Rfd1 Be3+ 32. Kf1 axb5 33. Ke2 Bf4 34. g3
Bh6 35. Bb4 Bf8 36. Ra1 Kb7 37. Ke3 Bh6+ 38. Kf2 Bg5 39. Ra2 a6 40. Rda1 Ra8
41. Kg2 Rdd8 42. Ba5 Rg8 43. Rd1 Kc6 44. Kf2 Bh6 45. Rh1 Rg5 46. h3 Rf5+ 47.
Kg2 Be3 48. Re1 Rf2+ 49. Kh1 Rf3 50. Kg2 Rf2+ 51. Kh1 Bd2 52. Rg1 gxh3 53. Raa1
Rg8 54. Bb4 Kb7 55. Bc5 Rf3 56. Kh2 h4 57. Kxh3 hxg3 58. Rg2 Rh8+ 59. Kg4 Rf4+
60. Kg5 Rf2+ 0-1

[Event "Madrid ch 2018 - semifinal"]
[Site "Madrid ESP"]
[Date "2018.05.10"]
[Round "6.11"]
[White "Pindado Campos, Raul"]
[Black "Marcos Herrero, Francisco"]
[Result "1/2-1/2"]
[WhiteElo "2018"]
[BlackElo "1896"]
[PlyCount "88"]
[EventDate "2018.05.05"]
[EventType "swiss"]
[EventRounds "9"]
[EventCountry "ESP"]
[SourceTitle "Ajedrez en Madrid"]
[Source "lmi"]
[SourceDate "2018.05.05"]
[SourceVersion "1"]
[SourceVersionDate "2019.03.14"]
[SourceQuality "1"]

1. d4 Nf6 2. Nf3 c5 3. c3 b6 4. g3 Bb7 5. Bg2 g6 6. O-O Bg7 7. Qb3 Bd5 8. c4
Bc6 9. d5 Bb7 10. Nc3 d6 11. e4 Nbd7 12. h3 O-O 13. Be3 Ne8 14. Qc2 Nc7 15. a4
a6 16. Qd2 Ne5 17. Nxe5 Bxe5 18. Bh6 Bg7 19. Bxg7 Kxg7 20. f4 Qd7 21. f5 f6 22.
h4 b5 23. b3 bxc4 24. bxc4 Rab8 25. a5 Na8 26. Rab1 Qc7 27. Ne2 Bc8 28. Bh3 Bd7
29. Kh2 Rxb1 30. Rxb1 Rb8 31. Rxb8 Qxb8 32. Nf4 Nc7 33. g4 Qb3 34. g5 Qxc4 35.
gxf6+ exf6 36. Qg2 Be8 37. fxg6 h6 38. Nh5+ Kg8 39. Nxf6+ Kg7 40. Nh5+ Kg8 41.
Nf4 Qd4 42. Be6+ Nxe6 43. Nxe6 Qe5+ 44. Kh1 Qa1+ 1/2-1/2

[Event "Madrid ch 2018 - semifinal"]
[Site "Madrid ESP"]
[Date "2018.05.10"]
[Round "6.12"]
[White "Fernandez Aransay, Fernando"]
[Black "Perez Diez, Victor"]
[Result "1/2-1/2"]
[WhiteElo "1871"]
[BlackElo "1964"]
[PlyCount "175"]
[EventDate "2018.05.05"]
[EventType "swiss"]
[EventRounds "9"]
[EventCountry "ESP"]
[SourceTitle "Ajedrez en Madrid"]
[Source "lmi"]
[SourceDate "2018.05.05"]
[SourceVersion "1"]
[SourceVersionDate "2019.03.14"]
[SourceQuality "1"]

1. e4 e5 2. Nf3 Nf6 3. Nxe5 d6 4. Nf3 Nxe4 5. d3 Nf6 6. d4 d5 7. c4 dxc4 8.
Bxc4 Bb4+ 9. Nc3 O-O 10. O-O Bg4 11. Bg5 c6 12. Re1 h6 13. Bh4 Bxf3 14. Qxf3
Qxd4 15. Bxf6 Qxf6 16. Qe4 Bc5 17. Qc2 Bb6 18. Ne4 Qe7 19. Rad1 Na6 20. Nd6 Qf6
21. Nxb7 Nb4 22. Qd2 Nd5 23. b4 Rab8 24. Nc5 Rfd8 25. Rc1 Qd6 26. Bb3 Bc7 27.
g3 Nxb4 28. Qe2 Bb6 29. Qh5 Nd5 30. Ne4 Qd7 31. Red1 Qe6 32. Nc3 Qf6 33. Nxd5
Qxf2+ 34. Kh1 cxd5 35. Rf1 Qd4 36. Qxf7+ Kh8 37. Bc2 Rbc8 38. Qg6 Rxc2 39. Rxc2
Qe5 40. Qg4 d4 41. h4 d3 42. Rc8 Qd5+ 43. Kh2 Qxa2+ 44. Kh3 Qg8 45. Rxd8 Qxd8
46. Qb4 Qc8+ 47. g4 Qe6 48. Re1 Qd5 49. Qf8+ Kh7 50. h5 d2 51. Rd1 Qd3+ 52. Kg2
Qe2+ 53. Kh3 Qe3+ 54. Kg2 Qe4+ 55. Kh3 Be3 56. Rf1 Bg5 57. Qf7 Qd3+ 58. Kg2
Qe4+ 59. Kh3 a5 60. Rf5 Qh1+ 61. Kg3 Qh4+ 62. Kg2 Qxg4+ 63. Kh2 Bh4 64. Rf1
Qg3+ 65. Kh1 Bf6 66. Qc4 Qh3+ 67. Kg1 Qg3+ 68. Kh1 Qh4+ 69. Qxh4 Bxh4 70. Rd1
Be1 71. Kg2 Kg8 72. Kf3 Kf7 73. Ke2 Ke6 74. Rb1 Kf5 75. Kd1 Kg4 76. Rb5 a4 77.
Rb7 Kxh5 78. Rxg7 Kh4 79. Ra7 h5 80. Rxa4+ Kg3 81. Ke2 h4 82. Ra8 h3 83. Rg8+
Kh2 84. Kd1 Kh1 85. Ke2 Kh2 86. Kd1 Kh1 87. Ke2 Kh2 88. Kd1 1/2-1/2

[Event "Madrid ch 2018 - semifinal"]
[Site "Madrid ESP"]
[Date "2018.05.10"]
[Round "6.13"]
[White "Camarero Izquierdo, Juan Carlos"]
[Black "Garcia Dorado, Alberto"]
[Result "0-1"]
[WhiteElo "1911"]
[BlackElo "2129"]
[PlyCount "60"]
[EventDate "2018.05.05"]
[EventType "swiss"]
[EventRounds "9"]
[EventCountry "ESP"]
[SourceTitle "Ajedrez en Madrid"]
[Source "lmi"]
[SourceDate "2018.05.05"]
[SourceVersion "1"]
[SourceVersionDate "2019.03.14"]
[SourceQuality "1"]

1. d4 d5 2. Nc3 Nf6 3. Bg5 Nbd7 4. f3 c6 5. Qd3 e5 6. e4 exd4 7. Qxd4 Bc5 8.
Qd2 h6 9. Bxf6 Nxf6 10. e5 Nd7 11. f4 b5 12. Nf3 Qb6 13. Nd1 a5 14. Bd3 O-O 15.
Nh4 Re8 16. Nf5 Nxe5 17. Nxh6+ gxh6 18. fxe5 Rxe5+ 19. Kf1 Bf5 20. Be2 Rae8 21.
Bf3 Kg7 22. g4 Be4 23. Bxe4 Rxe4 24. Qc3+ Bd4 25. Qf3 Qc7 26. Qg3 Qe7 27. Nc3
Qf6+ 28. Kg2 Re3 29. Qxe3 Rxe3 30. Rhf1 Qh4 0-1

[Event "Madrid ch 2018 - semifinal"]
[Site "Madrid ESP"]
[Date "2018.05.10"]
[Round "6.14"]
[White "Ruiz Quevedo, Andres"]
[Black "Andrade Sandoval, Jim Carlos"]
[Result "0-1"]
[WhiteElo "1895"]
[BlackElo "2032"]
[PlyCount "62"]
[EventDate "2018.05.05"]
[EventType "swiss"]
[EventRounds "9"]
[EventCountry "ESP"]
[SourceTitle "Ajedrez en Madrid"]
[Source "lmi"]
[SourceDate "2018.05.05"]
[SourceVersion "1"]
[SourceVersionDate "2019.03.14"]
[SourceQuality "1"]

1. g3 d5 2. Nf3 Nf6 3. Bg2 Bf5 4. O-O e6 5. d3 Be7 6. c4 c6 7. Be3 O-O 8. Qb3
Qc7 9. Nc3 Nbd7 10. cxd5 exd5 11. Rac1 Rac8 12. Nd4 Nc5 13. Qd1 Qd7 14. b4 Na6
15. Nxf5 Qxf5 16. b5 cxb5 17. Nxb5 Nb4 18. Nd4 Qd7 19. Qb3 a5 20. a4 Na6 21.
Nb5 Nc5 22. Bxc5 Bxc5 23. Rc2 d4 24. Na3 Bxa3 25. Rxc8 Rxc8 26. Qxa3 Rc3 27.
Qb2 Nd5 28. Bxd5 Qxd5 29. Rb1 h6 30. Qb5 Rc5 31. Qxb7 Rc1+ 0-1

[Event "Madrid ch 2018 - semifinal"]
[Site "Madrid ESP"]
[Date "2018.05.10"]
[Round "6.15"]
[White "Alvarez Abejon, Amilcar"]
[Black "Fernandez Garcia, Ignacio"]
[Result "1-0"]
[WhiteElo "1951"]
[BlackElo "1804"]
[PlyCount "71"]
[EventDate "2018.05.05"]
[EventType "swiss"]
[EventRounds "9"]
[EventCountry "ESP"]
[SourceTitle "Ajedrez en Madrid"]
[Source "lmi"]
[SourceDate "2018.05.05"]
[SourceVersion "1"]
[SourceVersionDate "2019.03.14"]
[SourceQuality "1"]

1. e4 e6 2. d4 d5 3. Nc3 Nf6 4. e5 Nfd7 5. Nf3 Be7 6. Bd3 a6 7. O-O c5 8. dxc5
Nxc5 9. Bf4 Nxd3 10. Qxd3 Nc6 11. a3 b5 12. Ne2 Bd7 13. Ned4 Nxd4 14. Nxd4 Rc8
15. Qg3 g5 16. Be3 h5 17. f4 g4 18. f5 Bg5 19. f6 h4 20. Qf2 Bxe3 21. Qxe3 Qb6
22. c3 a5 23. Rf4 b4 24. axb4 axb4 25. Rxg4 bxc3 26. bxc3 Kd8 27. Qc1 Qc7 28.
Qa3 Be8 29. Rg7 Qc5 30. Qa6 Rh5 31. Ra5 Rc6 32. Qb7 Rc7 33. Rxc5 Rxb7 34. Nxe6+
fxe6 35. Rxb7 Rxe5 36. f7 1-0

[Event "Madrid ch 2018 - semifinal"]
[Site "Madrid ESP"]
[Date "2018.05.10"]
[Round "6.16"]
[White "Carrasco Coquillat, Alvaro"]
[Black "Cabañas Bravo, Juan Andres"]
[Result "0-1"]
[WhiteElo "1869"]
[BlackElo "1936"]
[PlyCount "78"]
[EventDate "2018.05.05"]
[EventType "swiss"]
[EventRounds "9"]
[EventCountry "ESP"]
[SourceTitle "Ajedrez en Madrid"]
[Source "lmi"]
[SourceDate "2018.05.05"]
[SourceVersion "1"]
[SourceVersionDate "2019.03.14"]
[SourceQuality "1"]

1. d4 Nf6 2. Nf3 g6 3. c4 Bg7 4. Nc3 d5 5. cxd5 Nxd5 6. e4 Nxc3 7. bxc3 c5 8.
Rb1 O-O 9. Be2 cxd4 10. cxd4 Qa5+ 11. Bd2 Qxa2 12. O-O b6 13. Qc1 Qe6 14. Re1
Bb7 15. Bc4 Qd7 16. Qd1 e6 17. Bf4 Rd8 18. d5 exd5 19. exd5 Qf5 20. Bc7 Rf8 21.
Bd6 Rc8 22. Re7 Ba6 23. Bxb8 Bxc4 24. Bg3 Bxd5 25. Nh4 Qc2 26. Qxc2 Rxc2 27. h3
Rb2 28. Rbe1 Be6 29. Nf3 Bf6 30. Rc7 a5 31. Ne5 a4 32. Ra1 a3 33. Rcc1 Re2 34.
f4 a2 35. Kf1 Re3 36. Bf2 Re4 37. Bg3 g5 38. Re1 Rxe1+ 39. Kxe1 Ra4 0-1

[Event "Madrid ch 2018 - semifinal"]
[Site "Madrid ESP"]
[Date "2018.05.10"]
[Round "6.17"]
[White "Garcia Serrano, Jose Manuel"]
[Black "Gonzalez Rivera, Eduardo"]
[Result "0-1"]
[WhiteElo "1961"]
[BlackElo "2047"]
[PlyCount "60"]
[EventDate "2018.05.05"]
[EventType "swiss"]
[EventRounds "9"]
[EventCountry "ESP"]
[SourceTitle "Ajedrez en Madrid"]
[Source "lmi"]
[SourceDate "2018.05.05"]
[SourceVersion "1"]
[SourceVersionDate "2019.03.14"]
[SourceQuality "1"]

1. e4 e5 2. f4 exf4 3. Nf3 g5 4. h4 g4 5. Ng5 h6 6. Nxf7 Kxf7 7. d4 d5 8. Bxf4
Nf6 9. Nc3 Nxe4 10. Nxe4 dxe4 11. Bc4+ Kg6 12. Be5 Bg7 13. Bxg7 Kxg7 14. O-O
Rf8 15. Qd2 Bf5 16. Rf4 Nc6 17. d5 Ne5 18. Qc3 Qd6 19. Raf1 Bg6 20. h5 Rxf4 21.
Rxf4 Bxh5 22. Rf5 Re8 23. Bb5 Bg6 24. Rf2 Rf8 25. Be2 Rxf2 26. Kxf2 Kh7 27. Ke3
Nf7 28. Kf2 h5 29. Qb3 Qf4+ 30. Ke1 e3 0-1

[Event "Madrid ch 2018 - semifinal"]
[Site "Madrid ESP"]
[Date "2018.05.10"]
[Round "6.19"]
[White "Perez Cameselle, Francisco"]
[Black "Vazquez Gonzalez, Jesus"]
[Result "1-0"]
[WhiteElo "1795"]
[BlackElo "1977"]
[PlyCount "75"]
[EventDate "2018.05.05"]
[EventType "swiss"]
[EventRounds "9"]
[EventCountry "ESP"]
[SourceTitle "Ajedrez en Madrid"]
[Source "lmi"]
[SourceDate "2018.05.05"]
[SourceVersion "1"]
[SourceVersionDate "2019.03.14"]
[SourceQuality "1"]

1. e4 g6 2. d4 Bg7 3. Nc3 c5 4. d5 d6 5. Nf3 Nd7 6. Be2 a6 7. a4 b6 8. O-O Bb7
9. Bf4 Ngf6 10. Qd2 h6 11. Rfe1 g5 12. Bg3 Nh5 13. Rad1 Nxg3 14. hxg3 Ne5 15.
Nxe5 Bxe5 16. b3 Qd7 17. Nb1 O-O-O 18. Na3 Qc7 19. Nc4 Bf6 20. g4 Kb8 21. b4 b5
22. axb5 axb5 23. Na3 cxb4 24. Nxb5 Qc5 25. Rb1 Bc3 26. Nxc3 bxc3 27. Qd3 Rc8
28. Rb5 Qa7 29. Reb1 Rc7 30. Qd1 Qa4 31. R5b4 Qa5 32. Qd4 f6 33. Bb5 Qa7 34.
Qd3 Kc8 35. Ra4 Qc5 36. Ba6 Bxa6 37. Qxa6+ Kd7 38. Rb5 1-0